Provinces of Armenia with a Map - Statistics

General Stats
  • This quiz has been taken 3,906 times
  • The average score is 6 of 11
Answers on the Map
Answers color-coded by a green-red scale on the quiz's map according to % correct below.
 
Answer Stats
Province % Correct
Yerevan
96%
Ararat
70%
Lori
61%
Syunik
59%
Tavush
54%
Armavir
53%
Shirak
53%
Gegharkunik
49%
Aragatsotn
48%
Vayots Dzor
48%
Kotayk
47%
No matching quizzes found
Score Distribution
Percent of People with Each Score
Percentile by Number Answered
Your Score History
You have not taken this quiz